000 00305nam a22001457a 4500
008 221013b ||||| |||| 00| 0 eng d
020 _a0395342279
041 _aeng
080 _a330
082 _a330
100 _a23.1
101 _aECO
245 _aECONOMICS
_cBRONFENBRENNER M
942 _2udc
_cBK
999 _c58544
_d58544